| 000 | 00526nam a2200205Ia 4500 | ||
|---|---|---|---|
| 003 | OSt | ||
| 005 | 20250917102902.0 | ||
| 008 | 210719s1988 xx 000 0 und d | ||
| 040 | _cAL | ||
| 041 | _aTulu | ||
| 082 | _aT894.2 RAVM | ||
| 100 |
_aRAV (P S) _dರಾವ್ (ಪಿ ಎಸ್) _9239038 |
||
| 245 |
_aMoke! marla? _bಮೋಕೆ! ಮರ್ಲಾ ? |
||
| 260 |
_aMangalore _c1988 |
||
| 300 |
_a46 _bPB |
||
| 365 |
_b5 _cRs |
||
| 650 |
_aTulu Drama _9239039 |
||
| 650 |
_aTulu Drama _9239039 |
||
| 942 |
_2ddc _cBK |
||
| 999 |
_c214666 _d214666 |
||